ՀՀ Գիտությունների ազգային ակադեմիայի հիմնարար գիտական գրադարան  =   Fundamental Scientific Library of NAS RA

Կարոտի ծառ : (Record no. 510576)

MARC details
000 -LEADER
fixed length control field 01032nam a2200265 a 4500
003 - CONTROL NUMBER IDENTIFIER
control field AM-YEHGA
005 - DATE AND TIME OF LATEST TRANSACTION
control field 20250617163648.0
008 - FIXED-LENGTH DATA ELEMENTS--GENERAL INFORMATION
fixed length control field 210512s2019 yu a||||r|||||000|0|arm||
020 ## - INTERNATIONAL STANDARD BOOK NUMBER
International Standard Book Number 9788680606026
040 ## - CATALOGING SOURCE
Original cataloging agency AM-YeHGA
041 0# - LANGUAGE CODE
Language code of text/sound track or separate title arm
041 0# - LANGUAGE CODE
Language code of text/sound track or separate title srp
001 - CONTROL NUMBER
control field 1767141
090 ## - LOCALLY ASSIGNED LC-TYPE CALL NUMBER (OCLC); LOCAL CALL NUMBER (RLIN)
-- 514047
100 1# - MAIN ENTRY--PERSONAL NAME
Personal name Բալայան, Անուշ
245 10 - TITLE STATEMENT
Title Կարոտի ծառ :
Remainder of title [Բանաստեղծությունների երկլեզու ժողովածու] = Дрво чежнењe /
Statement of responsibility, etc. Ա. Բալայան ; Նկարադարդումը՝ Ա. Բալայան, Ս. Վոյնովիչ.
246 11 - VARYING FORM OF TITLE
Title proper/short title Дрво чежнењe
260 ## - PUBLICATION, DISTRIBUTION, ETC.
Place of publication, distribution, etc. Բելգրադ :
Name of publisher, distributor, etc. Акција за слепе,
Date of publication, distribution, etc. 2019.
300 ## - PHYSICAL DESCRIPTION
Extent 127 էջ :
Other physical details նկար ;
Dimensions 21 սմ.
546 ## - LANGUAGE NOTE
Language note Բնագիրը՝ զուգահեռ հայերեն և սերբերեն:
650 14 - SUBJECT ADDED ENTRY--TOPICAL TERM
Topical term or geographic name entry element Հայ պոեզիա
700 1# - ADDED ENTRY--PERSONAL NAME
Personal name Բալայան, Անի
Relator term նկարազարդում
Relationship ill
700 1# - ADDED ENTRY--PERSONAL NAME
Personal name Վոյնովիչ, Սոֆյա
Relator term նկարազարդում
Relationship ill
942 ## - ADDED ENTRY ELEMENTS (KOHA)
Source of classification or shelving scheme Universal Decimal Classification
Koha item type Գրքեր / Books
Holdings
Withdrawn status Lost status Source of classification or shelving scheme Damaged status Not for loan Collection Home library Current library Date acquired Total checkouts Full call number Barcode Date last seen Price effective from Koha item type Public note
    Universal Decimal Classification     General Fundamental Scientific Library Fundamental Scientific Library 11/06/2021   AII/107403 FL0651001 11/06/2021 11/06/2021 Գրքեր / Books 30 Days Loan


ՀՀ ԳԱԱ հիմնարար գիտական գրադարան
ՀՀ,Երևան 0019
Մարշալ Բաղրամյան 24/6
հեռախոս:(374-10) 52-47-50
Հետադարձ կապ

All site content, except where otherwise noted, is licensed under a
Creative Commons License